<?xml version="1.0" encoding="UTF-8"?>
<collection xmlns="http://www.loc.gov/MARC21/slim">
 <record>
  <leader>06152nam a2200421 a 4500</leader>
  <controlfield tag="001">kal226</controlfield>
  <controlfield tag="003">Gr-AtHEAL</controlfield>
  <controlfield tag="005">20160421080644.0</controlfield>
  <controlfield tag="006">m        d        </controlfield>
  <controlfield tag="008">160413s2015    gr      s           gre|c</controlfield>
  <datafield tag="020" ind1=" " ind2=" ">
   <subfield code="a">9786188212497</subfield>
  </datafield>
  <datafield tag="040" ind1=" " ind2=" ">
   <subfield code="a">GR-AtHEAL</subfield>
   <subfield code="b">gre</subfield>
   <subfield code="c">GR-AtHEAL</subfield>
  </datafield>
  <datafield tag="082" ind1="0" ind2="4">
   <subfield code="a">379.495</subfield>
   <subfield code="2">23</subfield>
  </datafield>
  <datafield tag="100" ind1="1" ind2=" ">
   <subfield code="a">Σταμέλος, Γιώργος.</subfield>
   <subfield code="8">255</subfield>
  </datafield>
  <datafield tag="245" ind1="1" ind2="0">
   <subfield code="a">Εισαγωγή στις εκπαιδευτικές πολιτικές</subfield>
   <subfield code="h">[Ηλεκτρονικός πόρος] </subfield>
   <subfield code="c">Σταμέλος,Γιώργος ;  Ανδρέας, Βασιλόπουλος ; Καβασακάλης, Άγγελος ; Κριτικός αναγνώστης,Κλαδής,Διονύσης ; Τεχνική επιμέλεια Καβασακάλης, Άγγελος ; Γλωσσική επιμέλεια,Κονάχος, Δημήτριος.</subfield>
  </datafield>
  <datafield tag="260" ind1=" " ind2=" ">
   <subfield code="a">Αθήνα :</subfield>
   <subfield code="b">Σύνδεσμος Ελληνικών Ακαδημαϊκών Βιβλιοθηκών,</subfield>
   <subfield code="c">c2015.</subfield>
  </datafield>
  <datafield tag="490" ind1=" " ind2=" ">
   <subfield code="a">Ακαδημαϊκά Ηλεκτρονικά Συγγράμματα και Βοηθήματα Κάλλιπος</subfield>
   <subfield code="8">40</subfield>
  </datafield>
  <datafield tag="520" ind1=" " ind2=" ">
   <subfield code="a">Το προτεινόμενο έργο σκοπεύει να είναι ένα εισαγωγικό σύγγραμμα στο γνωστικό αντικείμενο «Εκπαιδευτικές Πολιτικές». Αποτελείται από την εισαγωγή, τέσσερα κεφάλαια ανάπτυξης και τον επίλογο.Στην εισαγωγή διατυπώνονται οι στόχοι του βιβλίου και τα περιεχόμενά του. Συγκροτείται η θεώρηση σύμφωνα με την οποία το 1989 αποτελεί κομβικό σημείο ανάλυσης της εκπαιδευτικής πολιτικής λόγω της κατάρρευσης του διπολικού κόσμου και της μετεξέλιξής του σε ένα παγκοσμιοποιούμενο περιβάλλον άσκησης (εκπαιδευτικής) πολιτικής. Στο πρώτο κεφάλαιο, επιχειρείται η επιστημολογική οριοθέτηση του γνωστικού αντικειμένου μέσα από την ιστορική πορεία συγκρότησής του. Στο δεύτερο κεφάλαιο αναλύεται η πορεία από την εθνική εκπαιδευτική πολιτική στις διεθνείς πολιτικές διά βίου μάθησης. Το κεφάλαιο αυτό χωρίζεται σε δύο μέρη. Στο πρώτο, αναλύεται η δράση των μεγάλων διεθνών οργανισμών και μορφωμάτων στην πορεία δημιουργίας ενός υπερεθνικού πλέγματος τάσεων πολιτικής. Στο δεύτερο, διερευνώνται οι ευρωπαϊκές πολιτικές εκπαίδευσης και διά βίου μάθησης, οι οποίες έχουν δύο πυλώνες: την ανάπτυξη και την κοινωνική συνοχή. Στο τρίτο κεφάλαιο, αναλύονται οι ελληνικές εκπαιδευτικές πολιτικές από το 1981 και μετά. Το διάστημα αυτό χωρίζεται σε δύο περιόδους. Στην πρώτη (1981-1989), προτάσσεται η ελληνική πραγματικότητα και η επούλωση των τραυμάτων του παρελθόντων. Στη δεύτερη (1990-σήμερα), αναδεικνύεται η βαθμιαία επίδραση των διεθνών (κυρίως ευρωπαϊκών) πολιτικών στις αντίστοιχες ελληνικές.Στο τέταρτο κεφάλαιο, γίνεται μια προσπάθεια θεωρητικής διερεύνησης και ερμηνείας των εφαρμοζόμενων εκπαιδευτικών πολιτικών στη βάση δύο εννοιών, αυτής της «μεταφοράς πολιτικής» και εκείνης της «νομιμοποίησης».Τέλος στον επίλογο, παρουσιάζονται τα καταληκτικά συμπεράσματα του βιβλίου.</subfield>
  </datafield>
  <datafield tag="650" ind1=" " ind2="0">
   <subfield code="a">Educational policy</subfield>
   <subfield code="8">1712</subfield>
  </datafield>
  <datafield tag="653" ind1=" " ind2=" ">
   <subfield code="a">Πλαίσια προσόντων</subfield>
  </datafield>
  <datafield tag="653" ind1=" " ind2=" ">
   <subfield code="a">Μαθησιακά αποτελέσματα</subfield>
  </datafield>
  <datafield tag="653" ind1=" " ind2=" ">
   <subfield code="a">Διασφάλιση ποιότητας</subfield>
  </datafield>
  <datafield tag="653" ind1=" " ind2=" ">
   <subfield code="a">Εκπαίδευση εκπαιδευτικών</subfield>
  </datafield>
  <datafield tag="653" ind1=" " ind2=" ">
   <subfield code="a">Ευαίσθητες κοινωνικά ομάδες</subfield>
  </datafield>
  <datafield tag="653" ind1=" " ind2=" ">
   <subfield code="a">Κοινωνική συνοχή</subfield>
  </datafield>
  <datafield tag="653" ind1=" " ind2=" ">
   <subfield code="a">Ευρωπαϊκή εκπαιδευτική πολιτική</subfield>
  </datafield>
  <datafield tag="653" ind1=" " ind2=" ">
   <subfield code="a">Πολιτικές επιστήμες</subfield>
   <subfield code="a">Τομείς (της) πολιτικής</subfield>
   <subfield code="a">Εκπαιδευτική πολιτική</subfield>
  </datafield>
  <datafield tag="653" ind1=" " ind2=" ">
   <subfield code="a">Εκπαίδευση και επιστήμες της αγωγής</subfield>
   <subfield code="a">Εκπαιδευτικές πολιτικές</subfield>
   <subfield code="a">Εκπαιδευτική ανάπτυξη</subfield>
  </datafield>
  <datafield tag="653" ind1=" " ind2=" ">
   <subfield code="a">Εκπαίδευση και επιστήμες της αγωγής</subfield>
   <subfield code="a">Θεωρία της εκπαίδευσης (ευρείες εκπαιδευτικές έννοιες)</subfield>
   <subfield code="a">Διά βίου μάθηση</subfield>
  </datafield>
  <datafield tag="653" ind1=" " ind2=" ">
   <subfield code="a">Εκπαίδευση και επιστήμες της αγωγής</subfield>
   <subfield code="a">Εκπαίδευση εκπαιδευτικών</subfield>
  </datafield>
  <datafield tag="700" ind1="1" ind2=" ">
   <subfield code="a">Καβασακάλης, Άγγελος</subfield>
   <subfield code="e">Συγγραφέας</subfield>
   <subfield code="8">265</subfield>
  </datafield>
  <datafield tag="700" ind1="1" ind2=" ">
   <subfield code="a">Βασιλόπουλος, Ανδρέας</subfield>
   <subfield code="e">Συγγραφέας</subfield>
   <subfield code="8">266</subfield>
  </datafield>
  <datafield tag="700" ind1="1" ind2=" ">
   <subfield code="a">Κλάδης, Διονύσης</subfield>
   <subfield code="e">Κριτικός αναγνώστης</subfield>
   <subfield code="8">267</subfield>
  </datafield>
  <datafield tag="856" ind1="4" ind2="0">
   <subfield code="u">http://hdl.handle.net/11419/226</subfield>
   <subfield code="z">Πλήρες Κείμενο - Full text</subfield>
  </datafield>
  <datafield tag="907" ind1=" " ind2=" ">
   <subfield code="a">.b25677032</subfield>
   <subfield code="b">12-06-18</subfield>
   <subfield code="c">29-07-16</subfield>
  </datafield>
  <datafield tag="949" ind1=" " ind2=" ">
   <subfield code="0">0</subfield>
   <subfield code="1">0</subfield>
   <subfield code="2">ddc</subfield>
   <subfield code="4">0</subfield>
   <subfield code="6">379_495000000000000_ΣΤΑΜ</subfield>
   <subfield code="7">0</subfield>
   <subfield code="8">KALL</subfield>
   <subfield code="8">461</subfield>
   <subfield code="d">2016-04-13</subfield>
   <subfield code="r">2016-04-13</subfield>
   <subfield code="w">2016-04-13</subfield>
   <subfield code="z">379.495 ΣΤΑΜ</subfield>
   <subfield code="o">SEAB KALLIPOS</subfield>
  </datafield>
  <datafield tag="998" ind1=" " ind2=" ">
   <subfield code="a">02</subfield>
   <subfield code="a">01</subfield>
   <subfield code="a">03</subfield>
   <subfield code="a">04</subfield>
   <subfield code="a">05</subfield>
   <subfield code="a">06</subfield>
   <subfield code="a">07</subfield>
   <subfield code="a">08</subfield>
   <subfield code="a">09</subfield>
   <subfield code="a">10</subfield>
   <subfield code="a">11</subfield>
   <subfield code="a">12</subfield>
   <subfield code="a">13</subfield>
   <subfield code="a">14</subfield>
   <subfield code="a">15</subfield>
   <subfield code="a">16</subfield>
   <subfield code="a">17</subfield>
   <subfield code="a">18</subfield>
   <subfield code="a">19</subfield>
   <subfield code="a">20</subfield>
   <subfield code="a">21</subfield>
   <subfield code="a">22</subfield>
   <subfield code="a">23</subfield>
   <subfield code="a">24</subfield>
   <subfield code="a">25</subfield>
   <subfield code="a">26</subfield>
   <subfield code="a">80</subfield>
   <subfield code="b">15-06-03</subfield>
   <subfield code="c">m</subfield>
   <subfield code="d">z  </subfield>
   <subfield code="e">-</subfield>
   <subfield code="f">gre</subfield>
   <subfield code="g">gr </subfield>
   <subfield code="h">0</subfield>
  </datafield>
  <datafield tag="942" ind1=" " ind2=" ">
   <subfield code="2">ddc</subfield>
   <subfield code="c">KALLIPOS</subfield>
  </datafield>
 </record>
</collection>
